|
|
|
|
| LEADER |
01355nam a2200361Ia 4500 |
| 001 |
EBC294333 |
| 003 |
MiAaPQ |
| 005 |
20200520144314.0 |
| 006 |
m o d | |
| 007 |
cr cn||||||||| |
| 008 |
070716s2007 ne a sb 000 0 eng d |
| 020 |
|
|
|z 0750680547 (hdbk.)
|
| 020 |
|
|
|z 9780750680547 (hdbk.)
|
| 035 |
|
|
|a (MiAaPQ)EBC294333
|
| 035 |
|
|
|a (Au-PeEL)EBL294333
|
| 035 |
|
|
|a (CaPaEBR)ebr10186504
|
| 035 |
|
|
|a (CaONFJC)MIL104883
|
| 035 |
|
|
|a (OCoLC)469589667
|
| 040 |
|
|
|a MiAaPQ
|c MiAaPQ
|d MiAaPQ
|
| 050 |
|
4 |
|a HD2961
|b .Y47 2007
|
| 100 |
1 |
|
|a Yescombe, E. R.
|
| 245 |
1 |
0 |
|a Public-private partnerships
|h [electronic resource] :
|b principles of policy and finance /
|c E.R. Yescombe.
|
| 260 |
|
|
|a Amsterdam ;
|a London :
|b Butterworth-Heinemann,
|c c2007.
|
| 300 |
|
|
|a xvii, 350 p. :
|b ill.
|
| 490 |
1 |
|
|a Elsevier finance
|
| 504 |
|
|
|a Includes bibliographical references (p. 327-333).
|
| 533 |
|
|
|a Electronic reproduction. Ann Arbor, MI : ProQuest, 2015. Available via World Wide Web. Access may be limited to ProQuest affiliated libraries.
|
| 650 |
|
0 |
|a Infrastructure (Economics)
|x Finance.
|
| 650 |
|
0 |
|a Public-private sector cooperation.
|
| 655 |
|
4 |
|a Electronic books.
|
| 710 |
2 |
|
|a ProQuest (Firm)
|
| 830 |
|
0 |
|a Elsevier finance.
|
| 856 |
4 |
0 |
|u https://ebookcentral.proquest.com/lib/matrademy/detail.action?docID=294333
|z Click to View
|